[Event "Titled Tuesday intern op 06th May Early"]
[Site "Chess.com INT"]
[Date "2025.05.06"]
[Round "3"]
[White "Mikhaylova, Irina"]
[Black "Perez Coyula, Rafael Alcides"]
[Result "1-0"]
[WhiteElo "2143"]
[BlackElo "2153"]
[PlyCount "77"]
[EventDate "2025.05.06"]
[EventType "swiss (blitz)"]
[EventRounds "11"]
[EventCountry "USA"]
[SourceTitle "CB20_2025"]
[SourceDate "2025.05.14"]
[SourceVersion "1"]
[SourceVersionDate "2025.05.14"]
[SourceQuality "1"]

1. d4 d5 2. c4 e6 3. Nc3 Nf6 4. cxd5 exd5 5. Bg5 c6 6. e3 h6 7. Bh4 Be7 8. Bd3 0-0 9. Nge2 Ne4 10. Bxe7 Qxe7 11. 0-0 Nd7 12. Qc2 Ndf6 13. Rae1 Be6 14. f3 Nxc3 15. Nxc3 c5 16. dxc5 Qxc5 17. Nb5 Qb6 18. Nd4 Rac8 19. Qb3 Qa5 20. Re2 Rc7 21. a3 Rfc8 22. Qb4 b6 23. Nb3 Qxb4 24. axb4 d4 25. Nxd4 Bc4 26. Rd1 Nd5 27. Bxc4 Rxc4 28. Nf5 Nxb4 29. Ne7+ Kh7 30. Nxc8 Rxc8 31. Rd7 Rc1+ 32. Kf2 a5 33. Rxf7 Nd3+ 34. Kg3 a4 35. Ra7 b5 36. Rd2 Ne1 37. Rdd7 Rc2 38. Rxg7+ Kh8 39. Kh3 1-0

[Event "Titled Tuesday intern op 01st Apr Early"]
[Site "Chess.com INT"]
[Date "2025.04.01"]
[Round "8"]
[White "Newansa, M Esandi"]
[Black "Mikhaylova, Irina"]
[Result "1-0"]
[WhiteElo "1801"]
[BlackElo "2143"]
[PlyCount "95"]
[EventDate "2025.04.01"]
[EventType "swiss (blitz)"]
[EventRounds "11"]
[EventCountry "USA"]
[SourceTitle "CB15_2025"]
[SourceDate "2025.04.09"]
[SourceVersion "1"]
[SourceVersionDate "2025.04.09"]
[SourceQuality "1"]

1. d4 Nf6 2. Bf4 d6 3. e3 g6 4. Nf3 Bg7 5. h3 0-0 6. c4 Nc6 7. Nc3 Nd7 8. Be2 e5 9. dxe5 dxe5 10. Bg3 f6 11. 0-0 Nc5 12. Nd2 Be6 13. f4 exf4 14. exf4 Nd4 15. Bf2 Nxe2+ 16. Qxe2 Qd6 17. Nb5 Qd3 18. Qxd3 Nxd3 19. Nxc7 Bf7 20. Nxa8 Rxa8 21. Bd4 Rd8 22. Bc3 f5 23. Bxg7 Kxg7 24. b3 Nxf4 25. Rxf4 Rxd2 26. Rf2 Rd7 27. Re2 Kf6 28. Rae1 g5 29. Rc2 f4 30. Rec1 h5 31. c5 Bd5 32. b4 a6 33. a4 Bc6 34. Ra2 Rd4 35. Rb1 g4 36. hxg4 hxg4 37. b5 axb5 38. axb5 Bd5 39. Rf2 Kf5 40. Rc1 f3 41. gxf3 g3 42. Rg2 Kf4 43. Rf1 Bxf3 44. c6 bxc6 45. bxc6 Rc4 46. Rd2 Rxc6 47. Rd3 Kg4 48. Rdxf3 1-0

[Event "Titled Tuesday intern op 25th Mar Early"]
[Site "Chess.com INT"]
[Date "2025.03.25"]
[Round "4"]
[White "Mikhaylova, Irina"]
[Black "Souza dos Santos, Matheus Garcett"]
[Result "1-0"]
[WhiteElo "2143"]
[BlackElo "1967"]
[PlyCount "67"]
[EventDate "2025.03.25"]
[EventType "swiss (blitz)"]
[EventRounds "11"]
[EventCountry "USA"]
[SourceTitle "CB14_2025"]
[SourceDate "2024.11.01"]
[SourceVersion "1"]
[SourceVersionDate "2024.11.01"]
[SourceQuality "1"]

1. d4 Nf6 2. Nf3 e6 3. c4 b6 4. a3 Bb7 5. Nc3 c5 6. d5 exd5 7. cxd5 d6 8. e4 Nbd7 9. h3 Be7 10. Bd3 0-0 11. 0-0 Kh8 12. Re1 Ne5 13. Nxe5 dxe5 14. Be3 Ne8 15. Rb1 Nd6 16. b4 cxb4 17. axb4 Rc8 18. Nb5 a6 19. Nxd6 Qxd6 20. Qe2 Ra8 21. Rec1 f5 22. f3 fxe4 23. fxe4 Qd7 24. Bxb6 Qa4 25. Bc5 Bxc5+ 26. bxc5 Qd4+ 27. Kh1 Rf2 28. Qd1 Bc8 29. Rc2 Rf4 30. Qd2 Bxh3 31. gxh3 Raf8 32. Qg2 Qxd3 33. Rg1 R8f7 34. Rd2 1-0

[Event "Titled Tuesday intern op 07th Jan Early"]
[Site "Chess.com INT"]
[Date "2025.01.07"]
[Round "4"]
[White "Ginzburg, Yakov"]
[Black "Mikhaylova, Irina"]
[Result "1-0"]
[WhiteElo "2405"]
[BlackElo "2143"]
[PlyCount "69"]
[EventDate "2025.01.07"]
[EventType "swiss (blitz)"]
[EventRounds "11"]
[EventCountry "USA"]
[SourceTitle "CB03_2025"]
[SourceDate "2025.01.15"]
[SourceVersion "1"]
[SourceVersionDate "2025.01.15"]
[SourceQuality "1"]

1. e4 c5 2. c3 d5 3. exd5 Qxd5 4. d4 Nf6 5. Nf3 Bg4 6. Be2 e6 7. 0-0 Nc6 8. Be3 cxd4 9. cxd4 Be7 10. Nc3 Qd6 11. a3 0-0 12. b4 Rac8 13. Qb3 Nd5 14. Nxd5 Qxd5 15. Qxd5 exd5 16. h3 Bh5 17. Rac1 Bf6 18. Rfd1 Rfe8 19. g4 Bg6 20. Kf1 Be4 21. g5 Bd8 22. Ne5 Bb6 23. Nxc6 Rxc6 24. Rxc6 bxc6 25. Rc1 Re6 26. b5 Bf5 27. Kg2 Kf8 28. bxc6 Bc7 29. Rc5 Rg6 30. h4 h6 31. Bh5 Re6 32. Bf3 hxg5 33. hxg5 Ke7 34. Rxd5 Rd6 35. Rxf5 1-0

[Event "Titled Tuesday intern op 07th Jan Early"]
[Site "Chess.com INT"]
[Date "2025.01.07"]
[Round "5"]
[White "Mikhaylova, Irina"]
[Black "Hejazipour, Mitra"]
[Result "1-0"]
[WhiteElo "2143"]
[BlackElo "2310"]
[PlyCount "159"]
[EventDate "2025.01.07"]
[EventType "swiss (blitz)"]
[EventRounds "11"]
[EventCountry "USA"]
[SourceTitle "CB03_2025"]
[SourceDate "2025.01.15"]
[SourceVersion "1"]
[SourceVersionDate "2025.01.15"]
[SourceQuality "1"]

1. d4 Nf6 2. Nf3 e6 3. c4 c5 4. d5 exd5 5. cxd5 d6 6. Nc3 g6 7. h3 Bg7 8. e4 0-0 9. Bd3 a6 10. a4 Re8 11. 0-0 Nbd7 12. Bf4 Qe7 13. Re1 Nh5 14. Bh2 Ne5 15. Be2 Bd7 16. Nxe5 Bxe5 17. Bxh5 Bxh2+ 18. Kxh2 Qe5+ 19. g3 Qxh5 20. Qxh5 gxh5 21. f4 b5 22. axb5 axb5 23. Rxa8 Rxa8 24. e5 Re8 25. Ne4 dxe5 26. Nf6+ Kg7 27. Nxe8+ Bxe8 28. fxe5 Kg6 29. e6 fxe6 30. Rxe6+ Kf7 31. Rb6 Ke7 32. Kg2 Bd7 33. Kf3 b4 34. Ke4 Bxh3 35. Ke5 Bg4 36. Rb7+ Kd8 37. d6 Ke8 38. Rc7 b3 39. Rxc5 Kd7 40. Rc7+ Kd8 41. Rxh7 Bd1 42. d7 Kc7 43. Ke6 Bg4+ 44. Kd5 Bd1 45. Kc5 Bg4 46. Kb4 Bd1 47. Kc3 Kd8 48. Kd4 Kc7 49. Kc5 Bg4 50. d8Q+ Kxd8 51. Kd6 Kc8 52. Rc7+ Kb8 53. Rg7 Kc8 54. Kc6 Bf3+ 55. Kb6 Kd8 56. Rh7 Kc8 57. Rg7 Kd8 58. Kc5 Ke8 59. Kd4 Kf8 60. Ra7 Kg8 61. Kc3 Bd1 62. Kd2 Bc2 63. Rb7 Kh8 64. Ke3 Kg8 65. Kf4 Kf8 66. Rc7 Ke8 67. Kg5 Bd1 68. Rc3 Ke7 69. Rd3 Bc2 70. Re3+ Kd6 71. Kxh5 Kd5 72. Kh6 Kd4 73. Rc3 Ke5 74. g4 Kf4 75. g5 Ke5 76. g6 Kf6 77. g7 Kf7 78. Rc7+ Kg8 79. Rc8+ Kf7 80. g8Q+ 1-0

[Event "Swiss Queens Wed #38"]
[Site "FIDE Online Arena INT"]
[Date "2024.10.16"]
[Round "3"]
[White "Chembrolu, Divya Bhavani"]
[Black "Mikhaylova, Irina"]
[Result "0-1"]
[WhiteElo "1591"]
[BlackElo "2156"]
[PlyCount "52"]
[EventDate "2024.10.16"]
[EventType "swiss (blitz)"]
[EventRounds "11"]
[EventCountry "NET"]
[SourceTitle "CB43_2024"]
[Source "Chessbase"]
[SourceDate "2024.10.23"]
[SourceVersion "1"]
[SourceVersionDate "2024.10.23"]
[SourceQuality "1"]

1. e4 c5 2. c4 Nc6 3. Nc3 e6 4. g3 Nf6 5. Bg2 Be7 6. d3 0-0 7. Nge2 d5 8. cxd5 exd5 9. exd5 Nb4 10. 0-0 Nbxd5 11. Nxd5 Nxd5 12. Nc3 Be6 13. Re1 Bf6 14. Bd2 Qd7 15. Qf3 Nxc3 16. Bxc3 Bxc3 17. bxc3 Rab8 18. c4 Rfd8 19. Red1 Bg4 20. Qd5 Qxd5 21. Bxd5 Bxd1 22. Rxd1 b5 23. cxb5 Rxd5 24. a4 c4 25. Rd2 Rxd3 26. Kg2 Rxd2 0-1

[Event "Swiss Queens Wed #38"]
[Site "FIDE Online Arena INT"]
[Date "2024.10.16"]
[Round "2"]
[White "Mikhaylova, Irina"]
[Black "Roebers, Eline"]
[Result "0-1"]
[WhiteElo "2156"]
[BlackElo "2331"]
[PlyCount "84"]
[EventDate "2024.10.16"]
[EventType "swiss (blitz)"]
[EventRounds "11"]
[EventCountry "NET"]
[SourceTitle "CB43_2024"]
[Source "Chessbase"]
[SourceDate "2024.10.23"]
[SourceVersion "1"]
[SourceVersionDate "2024.10.23"]
[SourceQuality "1"]

1. d4 f5 2. Nf3 Nf6 3. g3 g6 4. Bg2 Bg7 5. 0-0 0-0 6. b3 d6 7. Bb2 Ne4 8. c4 Nc6 9. Nbd2 Nxd2 10. Qxd2 e5 11. dxe5 dxe5 12. Qd5+ Kh8 13. Qxd8 Rxd8 14. Ng5 Re8 15. Bxc6 bxc6 16. Rad1 Kg8 17. Ba1 h6 18. Nf3 Kf7 19. Rfe1 g5 20. Nd2 a5 21. a4 e4 22. Bxg7 Kxg7 23. Rb1 Be6 24. Red1 Rab8 25. Rb2 Red8 26. Rdb1 Kf6 27. Kf1 Ke5 28. Ke1 Kd4 29. Nf1 Kc3 30. Ne3 f4 31. Nd1+ Kb4 32. Rc2 e3 33. fxe3 Bf5 34. Rcb2 Bxb1 35. Rxb1 fxg3 36. hxg3 Re8 37. Nb2 Rxe3 38. Nd3+ Kc3 39. Kf2 Kd4 40. Rc1 Rf8+ 41. Ke1 Rxg3 42. Kd2 Rxd3+ 0-1

[Event "Swiss Queens Wed #34"]
[Site "FIDE Online Arena INT"]
[Date "2024.09.18"]
[Round "6"]
[White "Mikhaylova, Irina"]
[Black "Preobrazhenskaya, Diana"]
[Result "1-0"]
[WhiteElo "2156"]
[BlackElo "2068"]
[PlyCount "117"]
[EventDate "2024.09.18"]
[EventType "swiss (blitz)"]
[EventRounds "11"]
[EventCountry "NET"]
[SourceTitle "EXT 2025"]
[Source "ChessBase"]
[SourceDate "2024.10.14"]
[SourceVersion "1"]
[SourceVersionDate "2024.10.14"]
[SourceQuality "1"]

1. d4 Nf6 2. Nf3 e6 3. c4 d5 4. Bg5 Be7 5. e3 0-0 6. Nc3 h6 7. Bh4 c6 8. Qc2 Nbd7 9. Rd1 dxc4 10. Bxc4 Nd5 11. Bg3 N7b6 12. Be2 Bd7 13. 0-0 a5 14. Ne4 a4 15. a3 Nc8 16. Nc5 Bxc5 17. dxc5 Qe7 18. e4 Nf6 19. Rd2 Ra5 20. Bd6 Nxd6 21. cxd6 Qd8 22. e5 Nd5 23. Bc4 Rc5 24. Qd3 b5 25. Ba2 Qb6 26. Qd4 Rb8 27. Rfd1 g6 28. Bxd5 Rxd5 29. Qxb6 Rxb6 30. Rxd5 cxd5 31. Nd4 Kg7 32. Rc1 Rb7 33. f4 Kf8 34. Kf2 Ke8 35. Rc7 Rb6 36. Ke3 Kd8 37. Rc2 Rb7 38. Rc3 Rb6 39. Nc2 Rb7 40. Nb4 Rb6 41. Kd4 Rb7 42. Rc5 Rb8 43. g4 Rb6 44. h4 Rb8 45. g5 h5 46. Ke3 Rb6 47. Kd4 Rb8 48. Kc3 Rb6 49. Nc2 Rb8 50. Kb4 Rb6 51. Nd4 Rb8 52. Nc6+ Bxc6 53. Rxc6 Rb7 54. Rc5 d4 55. Rc2 Kd7 56. Rd2 Rb6 57. Rxd4 Rb7 58. Rd3 Kc6 59. Rc3+ 1-0

[Event "Swiss Queens Wed #34"]
[Site "FIDE Online Arena INT"]
[Date "2024.09.18"]
[Round "3"]
[White "Mikhaylova, Irina"]
[Black "Yurukova, Ginka"]
[Result "1-0"]
[WhiteElo "2156"]
[BlackElo "1638"]
[PlyCount "35"]
[EventDate "2024.09.18"]
[EventType "swiss (blitz)"]
[EventRounds "11"]
[EventCountry "NET"]
[SourceTitle "EXT 2025"]
[Source "ChessBase"]
[SourceDate "2024.10.14"]
[SourceVersion "1"]
[SourceVersionDate "2024.10.14"]
[SourceQuality "1"]

1. d4 d5 2. Nf3 Nf6 3. c4 c6 4. cxd5 cxd5 5. Nc3 Nc6 6. Bf4 a6 7. Rc1 e6 8. e3 Bd6 9. Bg3 0-0 10. Bd3 Bxg3 11. hxg3 Bd7 12. Ne5 Nxe5 13. dxe5 Ne8 14. Bxh7+ Kh8 15. Qh5 Nf6 16. exf6 Qxf6 17. Bg8+ Kxg8 18. Qh8# 1-0

[Event "Titled Tuesday intern op 10th Sep Early"]
[Site "Chess,com INT"]
[Date "2024.09.10"]
[Round "6"]
[White "Mikhaylova, Irina"]
[Black "Brown, Akeem"]
[Result "0-1"]
[WhiteElo "2156"]
[BlackElo "2059"]
[PlyCount "82"]
[EventDate "2024.09.10"]
[EventType "swiss (blitz)"]
[EventRounds "11"]
[EventCountry "USA"]
[SourceTitle "EXT 2025"]
[Source "ChessBase"]
[SourceDate "2024.10.14"]
[SourceVersion "1"]
[SourceVersionDate "2024.10.14"]
[SourceQuality "1"]

1. Nf3 Nf6 2. c4 e6 3. g3 d5 4. Bg2 Be7 5. 0-0 0-0 6. Qc2 d4 7. d3 c5 8. e3 Nc6 9. exd4 cxd4 10. a3 a5 11. Nbd2 Re8 12. Ng5 Bf8 13. Nge4 Nxe4 14. Nxe4 h6 15. f4 Qb6 16. Bd2 Bd7 17. b3 f5 18. Nf2 e5 19. fxe5 Nxe5 20. b4 axb4 21. axb4 Bc6 22. c5 Qc7 23. Bf4 Bxg2 24. Bxe5 Qc6 25. Rxa8 Rxa8 26. Re1 Qd5 27. Qc4 Ra2 28. Bxd4 Qxc4 29. dxc4 Bf3 30. Ra1 Rc2 31. Nd3 Rxc4 32. Be5 Be4 33. Nf4 Rc2 34. Ra8 Kf7 35. h4 g5 36. hxg5 hxg5 37. Nh5 Rg2+ 38. Kf1 Rh2 39. Nf6 Bc6 40. Rc8 Rh1+ 41. Kf2 Be7 0-1